Ekonomická reforma v pohybu /

Salvato in:
Dettagli Bibliografici
Autore principale: Holman, Robert (Autore)
Natura: Libro
Lingua:ceco
Pubblicazione: Praha : TOP Agency, 1992
Edizione:1.vyd.
Soggetti:
Tags: Aggiungi Tag
Nessun Tag, puoi essere il primo ad aggiungerne!!

MARC

LEADER 00000nam a22000003a 4500
001 stu6275
005 20150617225808.0
008 940707s1992----xr------------------cze-d
020 |a 80-900626-8-7 
040 |a STU  |b slo 
041 0 |a cze 
044 |a xr 
080 |a 338.24.021.8 
100 1 |a Holman, Robert  |4 aut 
245 1 |a Ekonomická reforma v pohybu /  |c [aut.] Holman,Robert 
250 |a 1.vyd. 
260 |a Praha :  |b TOP Agency,  |c 1992 
300 |a 59 s 
650 7 |a hospodárske reformy  |2 stusub 
996 |b E79114  |c R*79114  |l RRUM  |s A  |a 24  |w stu6275_0001 
996 |b E77537  |c R*77537  |l RRUM  |s A  |a 24  |w stu6275_0002